00238nam a22001097a 4500003000400000020001800004082001500022100001800037245003400055260003100089300000800120SGT a0-500-51212-4 a391.1bPEA aPEACOCK, JOHN aTHE COMPLETE SOURCEBOOK SHOES aUSAbTHAMES & HUDSONc2005 a168